| 000 | 00798nam a22001577a 4500 | ||
|---|---|---|---|
| 003 | OSt | ||
| 005 | 20150919153246.0 | ||
| 008 | 150919b xxu||||| |||| 00| 0 eng d | ||
| 040 | _cRUA | ||
| 082 | _aAGR CHI 2008 B036 Or.1 | ||
| 100 |
_9881 _aCHIN, PHYLA. |
||
| 245 | _aEffect of different weight of substact to the growth and yield of oyster mushroom at royal university of agriculture ប្រសិទ្ធភាពនៃទំងន់ល្បាយខុសគ្នាទៅលើការដាំដុះ លូតលាស់ និងទិន្នផលរបស់ផ្សិតអំបោះដាំនៅសាកលវិទ្យាល័យភូមិន្ទកសិកម្ម | ||
| 260 |
_aPhnom Penh _bRUA _c2008 |
||
| 300 |
_axi; 44p. _bill. _c29cm. |
||
| 942 |
_2ddc _cAGR |
||
| 999 |
_c849 _d849 |
||